1k+ Cities on a Map - J - Statistics

General Stats
  • This quiz has been taken 55 times
  • The average score is 87 of 1988
Answers on the Map
Answers color-coded by a green-red scale on the quiz's map according to % correct below.
 
Answer Stats
City % Correct
Ják
76%
Jam
70%
Johin
65%
Jackson
62%
Jal
62%
Johannesburg
62%
Jacksonville
59%
Jakar
59%
Jakarta
59%
Johannesberg
59%
Jun
57%
Jua
54%
Jaipur
51%
Juba
51%
Jerusalem
49%
Jina
49%
Jos
49%
Jamestown
46%
Jerez
46%
Jerez de la Frontera
46%
Jin’an
46%
Jinan
46%
Jones
46%
Jeddah
43%
Johnston
43%
Juli
43%
Johnson
41%
Jordan
41%
Jordán
41%
Jali
38%
James City
38%
Jay
38%
Jefferson
38%
Jin’e
38%
Johnstown
38%
Jalisco
35%
Jena
35%
Juneau
35%
Jaala
32%
Jala
32%
Jilin
32%
Johnston City
32%
Juárez
32%
Jaú
30%
Jefferson City
30%
Ji’an
30%
Jodhpur
27%
Jonestown
27%
Johnstone
24%
Jaen
22%
Jaén
22%
Jalal-Abad
22%
Jalālābad
22%
Jalālābād
22%
Jeju City
22%
Jericho
22%
Jonesboro
22%
Julian
22%
Jaffa
19%
Jaffna
19%
Jasper
19%
Java
19%
Jayapura
19%
Jeffersonville
19%
Jiangyin
19%
Job
19%
Jona
19%
Jaba‘
16%
Jacó
16%
Jāmai
16%
Jamaica
16%
Jardin
16%
Jardín
16%
Jenne
16%
Jérémie
16%
Johnson City
16%
Johnsonville
16%
Justin
16%
Janesville
14%
Javier
14%
Jersey City
14%
Jiangmen
14%
João Pessoa
14%
Johor Bahru
14%
Joinville
14%
Joliet
14%
Jönköping
14%
Jons
14%
Joseph
14%
Jabłoń
11%
Jaca
11%
Jamshedpur
11%
Janīn
11%
Jans
11%
Jarrow
11%
Jelgava
11%
Jičín
11%
Jimenez
11%
Jiménez
11%
Jīnd
11%
Jingzhou
11%
Jining
11%
Jinzhou
11%
Joanna
11%
Joensuu
11%
Jonesville
11%
Jora
11%
Jupiter
11%
Juva
11%
Jabalpur
8%
Jacinto City
8%
Jajce
8%
Jakobstad
8%
Jalandhar
8%
Jamba
8%
Jammu
8%
Järna
8%
Jarvis
8%
Jebba
8%
Jeffersontown
8%
Jensen
8%
Jesi
8%
Jessen
8%
Jhānsi
8%
Jiao
8%
Jieyang
8%
Jihlava
8%
Jijel
8%
Jimma
8%
Jinja
8%
Jīsh
8%
Jīt
8%
Joliette
8%
Jolo
8%
Joshua
8%
Juazeiro do Norte
8%
Juru
8%
Jurupa Valley
8%
Jyväskylä
8%
Ja‘ār
5%
Jablanica
5%
Jablonec nad Nisou
5%
Jada
5%
Jahun
5%
Jais
5%
Jaisalmer
5%
Jalapa
5%
Jalilabad
5%
Jalingo
5%
Jalón
5%
Jamaame
5%
Jamesburg
5%
Jand
5%
Janja
5%
Jaqué
5%
Jaraba
5%
Jardim
5%
Jaren
5%
Jargalant
5%
Jarnac
5%
Jaro
5%
Jarosław
5%
Järvenpää
5%
Jasonville
5%
Jaspur
5%
Jastrzębie Zdrój
5%
Jati
5%
Jauja
5%
Jāwā
5%
Jawhar
5%
Jawhār
5%
Jawor
5%
Jaworzno
5%
Jeannette
5%
Jedburgh
5%
Jēkabpils
5%
Jelenia Góra
5%
Jendouba
5%
Jenkins
5%
Jennings
5%
Jerome
5%
Jesenice
5%
Jessheim
5%
Jessup
5%
Jesús
5%
Jesus Maria
5%
Jesús María
5%
Jete
5%
Jette
5%
Jeuk
5%
Jhang City
5%
Jiamusi
5%
Jiana
5%
Jiangyan
5%
Jiaozuo
5%
Jijiga
5%
Jimena
5%
Jincheng
5%
Jingmen
5%
Jingyang
5%
Jinji
5%
Jinjiang
5%
Jinsha
5%
Jiujiang
5%
Jiuquan
5%
Jixi
5%
Jizhou
5%
Jizzax
5%
Jōetsu
5%
Joigny
5%
Jondal
5%
Jonesborough
5%
Jonquière
5%
Joure
5%
Jōyō
5%
Józefów
5%
Jubbal
5%
Juja
5%
Juliaca
5%
Jülich
5%
Junction
5%
Jurm
5%
Jūrmala
5%
Juticalpa
5%
Jabiru
3%
Jaboatão
3%
Jabonga
3%
Jabor
3%
Jaboticabal
3%
Jabugo
3%
Jacala
3%
Jacana
3%
Jacarilla
3%
Jackpot
3%
Jacksboro
3%
Jackson Heights
3%
Jacksonville Beach
3%
Jacmel
3%
Jacobabad
3%
Jacobstow
3%
Jacurso
3%
Jaffrey
3%
Jagiełła
3%
Jagodina
3%
Jagodje
3%
Jagstzell
3%
Jagual
3%
Jagüey Grande
3%
Jahānābād
3%
Jahedpur
3%
Jaicós
3%
Jaito
3%
Jakiri
3%
Jakobsberg
3%
Jalalaqsi
3%
Jales
3%
Jalesar
3%
Jalhay
3%
Jallais
3%
Jalqani
3%
Jālū
3%
Jamālpur
3%
Jambi City
3%
Jamboree Heights
3%
James Craik
3%
James Island
3%
Jamesport
3%
Jamnagar
3%
Jandira
3%
Janeng
3%
Jangheung
3%
Janos
3%
Jánoshalma
3%
Jánosháza
3%
Jánossomorja
3%
Januária
3%
Janville
3%
Jarabacoa
3%
Jardín América
3%
Jardines de la Silla (Jardines)
3%
Jarilla
3%
Jarocin
3%
Jaru
3%
Järvelä
3%
Jarwal
3%
Jasa
3%
Jasenovac
3%
Jāsim
3%
Jask
3%
Jasło
3%
Jastrebarsko
3%
Jászárokszállás
3%
Jászberény
3%
Jászdózsa
3%
Jászkarajenő
3%
Jataí
3%
Jaten
3%
Jatibarang
3%
Jatobá
3%
Jatt
3%
Jaunjelgava
3%
Jaunpils
3%
Jauregui
3%
Jayanca
3%
Jayrūd
3%
Jayton
3%
Jayune
3%
Jbaïl
3%
Jebel
3%
Jędrzejów
3%
Jefferson Hills
3%
Jega
3%
Jegenstorf
3%
Jelah
3%
Jelenča
3%
Jelling
3%
Jemez Pueblo
3%
Jemgum
3%
Jemison
3%
Jengen
3%
Jenin
3%
Jenison
3%
Jenjarum
3%
Jennersdorf
3%
Jenoi
3%
Jeonju
3%
Jequié
3%
Jerada
3%
Jerez de los Caballeros
3%
Jericó
3%
Jermuk
3%
Jersey Village
3%
Jerseyville
3%
Jerusalén
3%
Jeseník
3%
Jesmond
3%
Jessore
3%
Jesup
3%
Jewett
3%
Jewett City
3%
Jezero
3%
Jiangfang
3%
Jiangkou
3%
Jiangshi
3%
Jiangyuan
3%
Jiangzhou
3%
Jianjiang
3%
Jiaozhou
3%
Jiaping
3%
Jiashan
3%
Jiaxing
3%
Jiayuguan
3%
Jibia
3%
Jiblah
3%
Jibou
3%
Jicang
3%
Jicomé
3%
Jieznas
3%
Jifarong
3%
Jikamshi
3%
Jilib
3%
Jilma
3%
Jimaní
3%
Jimeta
3%
Jim Thorpe
3%
Jindřichův Hradec
3%
Jingdezhen
3%
Jingjiang
3%
Jingxi
3%
Jinhua
3%
Jinka
3%
Jinotepe
3%
Jinshan
3%
Jinxi
3%
Jinxiang
3%
Jinzhong
3%
Jipijapa
3%
Jiquilisco
3%
Jīran
3%
Jishan
3%
Jishi
3%
Jishu
3%
Jishui
3%
Jiuzhou
3%
Joane
3%
João Teves
3%
Joaquín Suárez
3%
Jobabo
3%
Jobstown
3%
Jodoigne
3%
Jõgeva
3%
Johannedal
3%
Johns Creek
3%
Johnsonburg
3%
Johnstonville
3%
Jõhvi
3%
Jojoima
3%
Jolanda di Savoia
3%
Jonava
3%
Jonstorp
3%
Jonzac
3%
Joplin
3%
Jorba
3%
Jordanstown
3%
Jorf
3%
Josephine
3%
Josipovac
3%
Joslin
3%
Jōsō
3%
Joué-lès-Tours
3%
Jounieh
3%
Jourdanton
3%
Jrashen
3%
Juam
3%
Juana Díaz
3%
Juan Díaz
3%
Juchitán
3%
Juchitán de Zaragoza
3%
Judaberg
3%
Judenburg
3%
Judendorf
3%
Judita
3%
Jugur
3%
Juiz de Fora
3%
Julayjilah
3%
Julesburg
3%
Jumièges
3%
Jumilla
3%
Jumla
3%
Jumprava
3%
Juncos
3%
Juncosa
3%
Junction City
3%
Juneda
3%
Junglinster
3%
Junik
3%
Junín
3%
Juntas
3%
Juradó
3%
Jüri
3%
Justvik
3%
Jutiapa
3%
Jabajero
0%
Jabal os Saraj
0%
Jabaloyas
0%
Jabalquinto
0%
Jabālyā
0%
Jabat
0%
Jabbeke
0%
Jabenița
0%
Jabing
0%
Jablah
0%
Jablanovec
0%
Jablonec nad Jizerou
0%
Jabłonica Polska
0%
Jabłonka
0%
Jabłonna
0%
Jabłonna Lacka
0%
Jablonné nad Orlicí
0%
Jablonné v Podještědí
0%
Jabłonowo Pomorskie
0%
Jablůnka
0%
Jablunkov
0%
Jaboatão dos Guararapes
0%
Jaboncillo
0%
Jabung
0%
Jacaleapa
0%
Jacaltenango
0%
Jacarandas
0%
Jacaraú
0%
Jacareacanga
0%
Jacareí
0%
Jacarezinho
0%
Jacas Grande
0%
Jáchymov
0%
Jaciara
0%
Jacinto Aráuz
0%
Jackass Flat
0%
Jackson Center
0%
Jacksonwald
0%
Jaclupan
0%
Jacob-Bellecombette
0%
Jacobina
0%
Jacobo Hunter
0%
Jacobsdorf
0%
Jacobs Well
0%
Jacobus
0%
Jacona de Plancarte
0%
Jacou
0%
Jacqueville
0%
Jacupiranga
0%
Jacura
0%
Jacutinga
0%
Jadder Cemetery
0%
Jadów
0%
Jadowniki
0%
Jadowniki Mokre
0%
Jadranovo
0%
Jadranska Lešnica
0%
Jadraque
0%
Jādū
0%
Jægerspris
0%
Ja Ela
0%
Jaena
0%
Jafre
0%
Jagādhri
0%
Jagalūr
0%
Jagannāthpur
0%
Jagatsinghapur
0%
Jagdalpur
0%
Jagdīshpur
0%
Jagdīspur
0%
Jagerberg
0%
Jagershoef
0%
Jaggayyapeta
0%
Jagiro
0%
Jagna
0%
Jagnair
0%
Jagodnjak
0%
Jagongjeget
0%
Jagraon
0%
Jagsthausen
0%
Jagtiāl
0%
Jaguaquara
0%
Jaguarão
0%
Jaguarari
0%
Jaguariaíva
0%
Jaguaribe
0%
Jaguariúna
0%
Jaguaruana
0%
Jaguaruna
0%
Jagüey Blanco
0%
Jagüey de Téllez (Estación Téllez)
0%
Jaguimitan
0%
Jagupit
0%
Jahāngīrābād
0%
Jahāngīrpur
0%
Jahanian Shah
0%
Jahāzpur
0%
Jahnsdorf
0%
Jahrom
0%
Jaibón
0%
Jaidhof
0%
Jaigaon
0%
Jailolo
0%
Jainagar
0%
Jainpur
0%
Jaisinghnagar
0%
Jaisingpur
0%
Jaitāran
0%
Jaithāri
0%
Jājarm
0%
Jajimaji
0%
Jājpur
0%
Jakartovice
0%
Jakenan
0%
Jākhal
0%
Jakhaly
0%
Jakomini
0%
Jakovlje
0%
Jakšić
0%
Jakubów
0%
Jakubowice Murowane
0%
Jakusko
0%
Jalacingo
0%
Jalai Nur
0%
Jalajala
0%
Jalakandapuram
0%
Jalālī
0%
Jalalpore
0%
Jalālpur
0%
Jalalpur Jattan
0%
Jalalpur Pirwala
0%
Jalance
0%
Jalang
0%
Jalapilla
0%
Jalapita
0%
Jalārpet
0%
Jalasjärvi
0%
Jalaud
0%
Jālaun
0%
Jalbūn
0%
Jalcocotán
0%
Jalcomulco
0%
Jaleaca de Catalán
0%
Jaleshwar
0%
Jalgaon
0%
Jalgaon Jamod
0%
Jalipa
0%
Jaljūlya
0%
Jalkovec
0%
Jalmolonga (La Hacienda)
0%
Jālna
0%
Jalolquduq
0%
Jalón de Cameros
0%
Jalor
0%
Jalostotitlán
0%
Jalpa
0%
Jalpa de los Baños
0%
Jalpa de Méndez
0%
Jalpāiguri
0%
Jalpan
0%
Jalpatagua
0%
Jalpilla
0%
Jalqamūs
0%
Jalrēz
0%
Jaltenango de la Paz
0%
Jaltenco
0%
Jaltepec
0%
Jaltepec de Candayoc
0%
Jaltepetongo
0%
Jaltiche de Arriba
0%
Jáltipan de Morelos
0%
Jaltocan
0%
Jaltomate
0%
Jalubí
0%
Jaluco
0%
Jalupa
0%
Jalžabet
0%
Jama’are
0%
Jamaat Shaim
0%
Jamabalod
0%
Jāmadoba
0%
Jamaica Beach
0%
Jamaica Plain
0%
Jamalca
0%
Jamalteca
0%
Jamanis
0%
Jamao al Norte
0%
Jamapa
0%
Jamay
0%
Jambaló
0%
Jambanjali
0%
Jamberoo
0%
Jambes
0%
Jambi Baru
0%
Jambrina
0%
Jambula
0%
Jambusar
0%
Jameln
0%
Jamestown West
0%
Jämijärvi
0%
Jamilena
0%
Jamiltepec
0%
Jamindan
0%
Jamioulx
0%
Jamisa
0%
Jamisontown
0%
Jamjamāl
0%
Jämjö
0%
Jamkhandi
0%
Jammā‘īn
0%
Jammalamadugu
0%
Jamoigne
0%
Jamong
0%
Jampang
0%
Jampang Kulon
0%
Jampang Tengah
0%
Jampur
0%
Jämsä
0%
Jām Sāhib
0%
Jämsänkoski
0%
Jämshög
0%
Jamshoro
0%
Jāmtāra
0%
Jamūī
0%
Jamul
0%
Jamu Mare
0%
Jamundí
0%
Jāmuria
0%
Janagdong
0%
Janakkala
0%
Janakpur
0%
Janambo
0%
Janamuato
0%
Janapria
0%
Janaúba
0%
Jandaia do Sul
0%
Jandakot
0%
Jandayan Norte
0%
Jandelsbrunn
0%
Jandiāla
0%
Jandiāla Gurū
0%
Jandiala Sher Khan
0%
Jandowae
0%
Jandrain
0%
Jandrain-Jandrenouille
0%
Jane Brook
0%
Jane Furse
0%
Janfida
0%
Jangan
0%
Jangaon
0%
Jangas
0%
Jangipur
0%
Jangkar
0%
Jangkat
0%
Jangpyeong
0%
Jangseong
0%
Jānī Khēl
0%
Janikowo
0%
Janitzio
0%
Janiuay
0%
Janjanbureh
0%
Jānjgīr
0%
Janjina
0%
Jan Juc
0%
Jan Kempdorp
0%
Jankomir
0%
Jankovec
0%
Jankowice
0%
Jankowice Rybnickie
0%
Janków Przygodzki
0%
Jannali
0%
Jannātah
0%
Janneyrias
0%
Janopol
0%
Jánoshida
0%
Janošik
0%
Janovice
0%
Janovice nad Úhlavou
0%
Janov nad Nisou
0%
Janów
0%
Janowice
0%
Janowice Wielkie
0%
Janowiec
0%
Janowiec Wielkopolski
0%
Janów Lubelski
0%
Janów Podlaski
0%
Jan-Phyl Village
0%
Jānsath
0%
Jänschwalde
0%
Jansenville
0%
Jantetelco
0%
Jantianon
0%
Janūb as Surrah
0%
Januszkowice
0%
Janville-sur-Juine
0%
Janzé
0%
Janzūr
0%
Jaoli
0%
Jaorā
0%
Japah
0%
Japaratuba
0%
Japekrom
0%
Japeri
0%
Japitan
0%
Japoatã
0%
Japons
0%
Jäppilä
0%
Jaquimeyes
0%
Jarābulus
0%
Jarácuaro
0%
Jaraczewo
0%
Jarafuel
0%
Jaraguá
0%
Jaraguá do Sul
0%
Jaraicejo
0%
Jaraíz de la Vera
0%
Jarak
0%
Jaral del Progreso
0%
Jarales
0%
Jaramānā
0%
Jaramillo Arriba
0%
Jaramillo de la Fuente
0%
Jaramillo Quemado
0%
Jarandilla de la Vera
0%
Jaranwala
0%
Jarash
0%
Järbo
0%
Jarczów
0%
Járdánháza
0%
Jardas al ‘Abīd
0%
Jardim de Piranhas
0%
Jardim do Seridó
0%
Jardim Paulista
0%
Jardines del Edén
0%
Jardínes del Grijalva
0%
Jardines de San Sebastián
0%
Jardine's Lookout
0%
Jardinópolis
0%
Jard-sur-Mer
0%
Jarebice
0%
Jargeau
0%
Jarigue
0%
Jarillas
0%
Jarinu
0%
Jaripeo
0%
Jariştea
0%
Jarkovac
0%
Jarmen
0%
Jarmina
0%
Jarnołtów-Jerzmanowo
0%
Jarny
0%
Jaroměř
0%
Jaroměřice
0%
Jaroměřice nad Rokytnou
0%
Jaroslavice
0%
Jarošov nad Nežárkou
0%
Jaroszowice
0%
Jarovce
0%
Jarpa
0%
Järpen
0%
Jarplund-Weding
0%
Jarque
0%
Jarque de la Val
0%
Jarrahdale
0%
Jarrell
0%
Jarreng
0%
Jarrettsville
0%
Jarrie
0%
Jaruco
0%
Järva-Jaani
0%
Järvakandi
0%
Jarville-la-Malgrange
0%
Järvsö
0%
Jarzé
0%
Jasaan
0%
Jaša Tomić
0%
Jasdan
0%
Jashpurnagar
0%
Jasidih
0%
Jasień
0%
Jasienica
0%
Jasienica Rosielna
0%
Jasieniec
0%
Jasionów
0%
Jaśliska
0%
Jasmine Estates
0%
Jasper Park Lodge
0%
Jasrāna
0%
Jasrāsar
0%
Jassans-Riottier
0%
Jasseron
0%
Jastarnia
0%
Jastków
0%
Jastrowie
0%
Jastrząb
0%
Jastrzębia
0%
Jastrzębia Góra
0%
Jaswantnagar
0%
Jászalsószentgyörgy
0%
Jászapáti
0%
Jászjákóhalma
0%
Jászkisér
0%
Jászladány
0%
Jászszentandrás
0%
Jászszentlászló
0%
Jataizinho
0%
Jatani
0%
Jatāra
0%
Jatibonico
0%
Jatiel
0%
Jatinagara
0%
Jatirogo
0%
Jatiroto
0%
Jatiwangi
0%
Jat Min Chuen
0%
Jatoi Shimali
0%
Jatun Orcochiri
0%
Jatznick
0%
Jauca
0%
Jauche
0%
Jauharabad
0%
Jaujac
0%
Jaula de Abajo
0%
Jaulín
0%
Jaumave
0%
Jaunaglona
0%
Jaunay-Clan
0%
Jaunciems
0%
Jaunpur
0%
Jauriān
0%
Jausiers
0%
Jaux
0%
Javalera
0%
Javānrūd
0%
Javarthushuu
0%
Javea
0%
Javené
0%
Jävenitz
0%
Javhlant
0%
Javier Rojo Gómez
0%
Javorník
0%
Javron-les-Chapelles
0%
Jāwad
0%
Jawāla Mukhi
0%
Jawand
0%
Jawbat Burghāl
0%
Jawf al Maqbābah
0%
Jawl al Majma‘
0%
Jawornik
0%
Jawornik Polski
0%
Jaworze
0%
Jaworzyna Śląska
0%
Jaworzynka
0%
Jayamkondacholapuram
0%
Jayena
0%
Jaynagar Majilpur
0%
Jayobamba
0%
Jayshān
0%
Jayubó
0%
Jayuya
0%
Jayyūs
0%
Jazovo
0%
Jdaidet el Matn
0%
Jeanerette
0%
Jean Lafitte
0%
Jeanménil
0%
Jean-Rabel
0%
Jebel Tiskaouine
0%
Jeberos
0%
Jebha
0%
Jebilat
0%
Jebrail
0%
Jebsheim
0%
Jebus
0%
Jecopaco
0%
Jedelienne
0%
Jedenspeigen
0%
Jedlicze
0%
Jedlina-Zdrój
0%
Jedlińsk
0%
Jedlnia-Letnisko
0%
Jedlová
0%
Jednorożec
0%
Jedovnice
0%
Jedwabne
0%
Jedwabno
0%
Jefferson Heights
0%
Jefferson Valley-Yorktown
0%
Jeffreys Bay
0%
Jeffreyston
0%
Jegălia
0%
Jegun
0%
Jegunovce
0%
Jehay
0%
Jejkowice
0%
Jejūri
0%
Jekulo
0%
Jelbuk
0%
Jelcz
0%
Jelcz Laskowice
0%
Jelenje
0%
Jeleśnia
0%
Jelilyüzi
0%
Jelisavac
0%
Jellico
0%
Jelsa
0%
Jelšava
0%
Jelsi
0%
Jemappes
0%
Jem’at Oulad ’Abbou
0%
Jember
0%
Jembke
0%
Jembrana Subdistrict
0%
Jemelle
0%
Jemeppe-sur-Meuse
0%
Jemeppe-sur-Sambre
0%
Jemielnica
0%
Jemielno
0%
Jemna
0%
Jemnice
0%
Jenamas
0%
Jenaz
0%
Jenbach
0%
Jeneč
0%
Jeneponto
0%
Jenesano
0%
Jenggawah
0%
Jenkintown
0%
Jenks
0%
Jenlain
0%
Jennings Lodge
0%
Jensen Beach
0%
Jenzan
0%
Jeongeup
0%
Jeongnyang
0%
Jeongok
0%
Jepara
0%
Jepelacio
0%
Jepon
0%
Jequitinhonha
0%
Jerago Con Orago
0%
Jerantut
0%
Jerécuaro
0%
Jeremoabo
0%
Jerez de García Salinas
0%
Jérez del Marquesado
0%
Jérica
0%
Jerichow
0%
Jerilderie
0%
Jermenovci
0%
Jermyn
0%
Jerônimo Monteiro
0%
Jerrabomberra
0%
Jerrishoe
0%
Jersbek
0%
Jersey Shore
0%
Jerte
0%
Jertih
0%
Jerxheim
0%
Jerzens
0%
Jerzmanowice
0%
Jerzu
0%
Jesberg
0%
Jeseník nad Odrou
0%
Jesenwang
0%
Jesewitz
0%
Jeßnitz
0%
Jesteburg
0%
Jestetten
0%
Jesús Carranza
0%
Jesús Carranza (Rancho de Jesús)
0%
Jesús del Monte
0%
Jesús de Otoro
0%
Jesús Gómez Portugal
0%
Jesús Gómez Portugal (Margaritas)
0%
Jesús Huitznahuac
0%
Jesús María Garza
0%
Jesús Menéndez
0%
Jesús Nazareno
0%
Jesús Tepactepec
0%
Jetafe
0%
Jetalsar
0%
Jetibá
0%
Jetis
0%
Jetmore
0%
Jetpur
0%
Jettingen-Scheppach
0%
Jetzendorf
0%
Jeumont
0%
Jevargi
0%
Jevenstedt
0%
Jever
0%
Jevíčko
0%
Jevišovice
0%
Jevnaker
0%
Jevremovac
0%
Jewar
0%
Jewell
0%
Jewells
0%
Jeypore
0%
Ježdovec
0%
Jezerski
0%
Jeżewo
0%
Jeziorany
0%
Jeziora Wielkie
0%
Jeziorzany
0%
Jeżów
0%
Jeżowe
0%
Jeżów Sudecki
0%
Jezzîne
0%
Jhābua
0%
Jhā-Jhā
0%
Jhajjar
0%
Jhālāwār
0%
Jhalidā
0%
Jhālrapātan
0%
Jhālu
0%
Jhang Sadr
0%
Jhanjhārpur
0%
Jhārgrām
0%
Jharia
0%
Jharsuguda
0%
Jhawarian
0%
Jhelum
0%
Jhingergācha
0%
Jhīnjhak
0%
Jhinjhāna
0%
Jhol
0%
Jhulasan
0%
Jhumri Telaiya
0%
Jhunjhunūn
0%
Jhūsi
0%
Jiabong
0%
Jiachuan
0%
Jiading
0%
Jiagao
0%
Jiagedaqi
0%
Jiahanbage
0%
Jiahe
0%
Jiahe Chengguanzhen
0%
Jiajuedibu
0%
Jialing
0%
Jiamaying
0%
Jiḩānah
0%
Jiana Veche
0%
Jianchang
0%
Jiancheng
0%
Jiang’an
0%
Jiang’an Qu
0%
Jiangbei
0%
Jiangchi
0%
Jianghai
0%
Jiangjia
0%
Jiangkouxu
0%
Jiangle
0%
Jiangluo
0%
Jiangna
0%
Jiangnan
0%
Jiangpan
0%
Jiangping
0%
Jiangpu
0%
Jiangshan
0%
Jiangtai
0%
Jianguang
0%
Jiangwakou
0%
Jiangxi
0%
Jiangyou
0%
Jiangzhuang
0%
Jiangzi
0%
Jianhua
0%
Jianjun
0%
Jianlong
0%
Jiannan
0%
Jianning
0%
Jian’ou
0%
Jianping
0%
Jianshan
0%
Jianshe
0%
Jianshelu
0%
Jianshui
0%
Jiantang
0%
Jiaocheng
0%
Jiaogong
0%
Jiaohe
0%
Jiaojiang
0%
Jiaokui
0%
Jiaoshi
0%
Jiashi
0%
Jiasi
0%
Jiawa Airikecun
0%
Jiawang
0%
Jiawang Zhen
0%
Jiaxian
0%
Jiaxiang
0%
Jiayi
0%
Jiayin
0%
Jiayi Shi
0%
Jiayue
0%
Jiazi
0%
Jibao-an
0%
Jibenggang
0%
Jibert
0%
Jiblea Veche
0%
Jicaltepec Autopan
0%
Jicaltepec Cuexcontitlán
0%
Jícamas
0%
Jicarero
0%
Jícaro Galán
0%
Jicayán de Tovar
0%
Jichang
0%
Jicheng
0%
Jichişu de Jos
0%
Jicolapa
0%
Jidd Ḩafş
0%
Jiding
0%
Jido
0%
Jidong
0%
Jidoștița
0%
Jidvei
0%
Jiefanglu
0%
Jiegan
0%
Jiehu
0%
Jiekou
0%
Jielong
0%
Jieni
0%
Jieshi
0%
Jieshou
0%
Jietou
0%
Jiexiu
0%
Jifeng
0%
Jifnā
0%
Jiguan
0%
Jiguaní
0%
Jijia
0%
Jijiang
0%
Jijila
0%
Jilava
0%
Jilavele
0%
Jilemnice
0%
Jilikŭl
0%
Jilili
0%
Jilliby
0%
Jilong
0%
Jilotepec
0%
Jilotepec de Molina Enríquez
0%
Jilotlán de los Dolores
0%
Jilotzingo
0%
Jílové
0%
Jílové u Prahy
0%
Jima Abajo
0%
Jimaguayú
0%
Jimai
0%
Jimalalud
0%
Jimbaran
0%
Jimbolia
0%
Jimboomba
0%
Jimena de la Frontera
0%
Jiménez del Teul
0%
Jimera de Líbar
0%
Jiming
0%
Jimo
0%
Jimramov
0%
Jimsar
0%
Jinan-gun
0%
Jinbi
0%
Jince
0%
Jinchang
0%
Jinchuan
0%
Jindabyne
0%
Jindai
0%
Jindalee
0%
Jindaoxia
0%
Jindayris
0%
Jindera
0%
Jinding
0%
Jindong
0%
Jindřichov
0%
Jinfeng
0%
Jing'an
0%
Jing’an
0%
Jingchuan
0%
Jingchuan Chengguanzhen
0%
Jingfeng
0%
Jinggan
0%
Jinggou
0%
Jingguan
0%
Jinghai
0%
Jinghong
0%
Jinghu
0%
Jingili
0%
Jingling
0%
Jingning Chengguanzhen
0%
Jingpeng
0%
Jingping
0%
Jingshan
0%
Jingui
0%
Jingurudo
0%
Jingxiu
0%
Jingyu
0%
Jingzhi
0%
Jinhe
0%
Jinjam
0%
Jinjeop
0%
Jinjiazhuang
0%
Jinjing
0%
Jinling
0%
Jinlong
0%
Jinniu
0%
Jinnīyah
0%
Jinotega
0%
Jinping
0%
Jinqiao
0%
Jinrongjie
0%
Jinşāfūţ
0%
Jinsang
0%
Jinshi
0%
Jinshiqiao
0%
Jinta
0%
Jintūr
0%
Jinwol
0%
Jinxiu
0%
Jinyuan
0%
Jinzhongzi
0%
Jinzhu
0%
Ji Paraná
0%
Jiquilillo
0%
Jiquilpan
0%
Jiquílpan de Juárez
0%
Jiquilpan (Estación Bonanza)
0%
Jiquinlaca
0%
Jiquipilas
0%
Jiquipilco
0%
Jirghatol
0%
Jiribam
0%
Jiříkov
0%
Jirkov
0%
Jirlău
0%
Jirnsum
0%
Jirny
0%
Jīroft
0%
Jirov
0%
Jirueque
0%
Jisr ash Shughūr
0%
Jisr ez Zarqā
0%
Jistebnice
0%
Jistebník
0%
Jitai
0%
Jitaúna
0%
Jitia
0%
Jitonhueca
0%
Jitotol
0%
Jitoucun
0%
Jitra
0%
Jitzamuri
0%
Jiuchao
0%
Jiuchenggong
0%
Jiuchi
0%
Jiudian
0%
Jiufen
0%
Jiuhe
0%
Jiujing
0%
Jiulong
0%
Jiulongshan
0%
Jiu-Paroșeni
0%
Jiupu
0%
Jiushan
0%
Jiutai
0%
Jiutepec
0%
Jiuxian
0%
Jivia
0%
Jiwani
0%
Jixian
0%
Jiyang
0%
Jiyuan
0%
Jiyuanlu
0%
Jizan
0%
J. Jesús Díaz Tzirio
0%
J. Jesús González Ortega (San Mateo)
0%
Joaçaba
0%
Joachimsthal
0%
Joachín
0%
Joaíma
0%
Joal-Fadiout
0%
Joanópolis
0%
João Alfredo
0%
João Câmara
0%
João Monlevade
0%
João Neiva
0%
João Pinheiro
0%
Joaquim Nabuco
0%
Joaquín Herrera
0%
Joaquín Miguel Gutiérrez
0%
Joaquín Miguel Gutiérrez (Margaritas)
0%
Joaquín V. González
0%
Joarilla de las Matas
0%
Joba Arriba
0%
Jobat
0%
Jobbágyi
0%
Jobele
0%
Jobner
0%
Jobos
0%
Jochberg
0%
Jockgrim
0%
Jocón
0%
Joconal
0%
Joconoxtle (La Tuna)
0%
Jocoqui
0%
Jocoro
0%
Jocotán
0%
Jocotenango
0%
Jocotepec
0%
Jocotitlán
0%
Jódar
0%
Jodiya Bandar
0%
Jodłowa
0%
Jodłówka
0%
Jodłówka-Wałki
0%
Jœuf
0%
Jofrito
0%
Jogbani
0%
Joghtāy
0%
Jogīghopa
0%
Jogindarnagar
0%
Jogonalan
0%
Johanngeorgenstadt
0%
Johanniskirchen
0%
Johannisthal
0%
Johi
0%
Jöhlingen
0%
John Day
0%
Johnsbach
0%
Johnsburg
0%
Johnson Creek
0%
Johnson Lane
0%
Jöhstadt
0%
Joint Base Lewis McChord
0%
Joinville-le-Pont
0%
Jois
0%
Joiţa
0%
Jojogan
0%
Jojutla
0%
Jokioinen
0%
Jokkmokk
0%
Jolalpan
0%
Joldești
0%
Jolimont
0%
Jolivue
0%
Joljá
0%
Jollyville
0%
Jolochero 2da. Sección
0%
Jolotichán
0%
Jolsibaquil
0%
Joltealal
0%
Jomala
0%
Jomanichim
0%
Jombang
0%
Jomboy Shahri
0%
Jomda
0%
Jomulco
0%
Jonacapa
0%
Jonacatepec
0%
Jonadi
0%
Jonage
0%
Joncherey
0%
Jonchery-sur-Vesle
0%
Jondor Shaharchasi
0%
Jonen
0%
Jones Creek
0%
Jonesport
0%
Jongīyeh
0%
Jongny
0%
Joniec
0%
Joniškis
0%
Jonkowo
0%
Jonotla
0%
Jonquerettes
0%
Jonquières
0%
Jonquières-Saint-Vincent
0%
Jonschwil
0%
Jonuta
0%
Jonzieux
0%
Joondalup
0%
Joondanna
0%
Jopala
0%
Joppatowne
0%
Joppolo
0%
Joppolo Giancaxio
0%
Joquicingo
0%
Jorăşti
0%
Jorăști
0%
Jorcas
0%
Jordanów
0%
Jordanów Śląski
0%
Jordan Springs
0%
Jordbro
0%
Jördenstorf
0%
Jorethang
0%
Jorge Jiménez Cantú
0%
Jorhāt
0%
Jork
0%
Jörlanda
0%
Joroan
0%
Jorobas
0%
Jorochito
0%
Joroinen
0%
Jorong
0%
Jørpeland
0%
Jorquera
0%
Josa
0%
José Batlle y Ordóñez
0%
José Bonifácio
0%
José Cardel
0%
José Colomo
0%
José C. Paz
0%
José de Freitas
0%
José de San Martín
0%
José Enrique Rodó
0%
José Esteban Coronado
0%
José F. Gutiérrez
0%
Josefina
0%
Josefův Důl
0%
José Guadalupe Aguilera (Santa Lucía)
0%
José Guadalupe Rodríguez
0%
José Leonardo Ortiz
0%
José María Morelos
0%
José María Morelos (La Yegüería)
0%
José María Morelos (San José)
0%
José María Morelos (Santa Mónica)
0%
José María Morelos y Pavón
0%
José Mariano Jiménez
0%
José María Pino Suárez
0%
José María Pino Suárez (Nuevo Nahuapa)
0%
Jose Narciso Rovirosa
0%
Joseni
0%
Josenii Bârgăului
0%
Joseong
0%
Jose Pañganiban
0%
José Pedro Varela
0%
Joseph City
0%
José Refugio Salcido
0%
Joševa
0%
Joshil
0%
Joshīmath
0%
Joshua Tree
0%
Josipdol
0%
Josselin
0%
Jouarre
0%
Jouars-Pontchartrain
0%
Joubb Jannîne
0%
Joubertina
0%
Joudreville
0%
Jouet-sur-l'Aubois
0%
Jougne
0%
Jouques
0%
Joutsa
0%
Joutseno
0%
Joux-la-Ville
0%
Jouy
0%
Jouy-aux-Arches
0%
Jouy-en-Josas
0%
Jouy-le-Châtel
0%
Jouy-le-Moutier
0%
Jouy-le-Potier
0%
Jouy-sur-Morin
0%
Jovellanos
0%
Jovellar
0%
Jovencan
0%
Jovim
0%
Joyabaj
0%
Joyeuse
0%
Joyner
0%
Joypur Hāt
0%
Józefosław
0%
Józefów nad Wisłą
0%
Jozini
0%
Józsefváros
0%
Jrahovit
0%
Juá dos Vieiras
0%
Juai
0%
Juamave
0%
Juanacatlán
0%
Juan Adrián
0%
Juan Aldama
0%
Juan Aldama (El Tigre)
0%
Juancheng
0%
Juancho
0%
Juan de Acosta
0%
Juan de Herrera
0%
Juan de la Granja
0%
Juan del Grijalva
0%
Juan Díaz Covarrubias
0%
Juan E. García
0%
Juan Escutia (Borbollón)
0%
Juan Gil Preciado
0%
Juan Griego
0%
Juan Guerra
0%
Juanicó
0%
Juan Jacobo Torres [Bodega de Totontepec]
0%
Juan José Ríos
0%
Juanjuí
0%
Juankoski
0%
Juan L. Lacaze
0%
Juan López Abajo
0%
Juan Marcos (San José Buenavista)
0%
Juan Martín
0%
Juan Morales
0%
Juan N. Méndez
0%
Juan Pujol
0%
Juan Rodríguez Clara
0%
Juan Santiago
0%
Juan Sarabia
0%
Juanshui
0%
Juárez Coronaco
0%
Juarros de Voltoya
0%
Juatuba
0%
Juay
0%
Juayúa
0%
Juàzeirinho
0%
Juazeiro do Piauí
0%
Juban
0%
Jubasan
0%
Jubb al Jarrāḩ
0%
Jubbega
0%
Jubb Ramlah
0%
Jübek
0%
Jubilee Pocket
0%
Jubrique
0%
Jucás
0%
Jüchen
0%
Juchipila
0%
Juchique de Ferrer
0%
Juchitepec
0%
Juchitlán
0%
Jüchsen
0%
Jucuapa
0%
Jucuarán
0%
Jucul
0%
Jucurutu
0%
Jucutacato
0%
Judaydah
0%
Judeida Makr
0%
Judenbach
0%
Judgeford
0%
Judian
0%
Judibana
0%
Judson
0%
Judsonia
0%
Juegang
0%
Juelsminde
0%
Juexi
0%
Jugenheim
0%
Jugno
0%
Jugon-les-Lacs
0%
Jugów
0%
Jugsālai
0%
Jugureanu
0%
Jugureni
0%
Juhaynah
0%
Jühnde
0%
Juià
0%
Juigalpa
0%
Juigné
0%
Juigné sur Loire
0%
Juigné-sur-Sarthe
0%
Juillac
0%
Juillan
0%
Juilly
0%
Juist
0%
Jujurieux
0%
Jujutla
0%
Jukui
0%
Julatten
0%
Julbach
0%
Julcamarca
0%
Julcan
0%
Julián Blanco (Dos Caminos)
0%
Julián Grajales
0%
Julián Villagrán
0%
Julimes
0%
Júlio de Castilhos
0%
Jūlis
0%
Julita
0%
Jullouville
0%
Julun
0%
Juma Shahri
0%
Jumelles
0%
Jumet
0%
Jumilhac-le-Grand
0%
Jumiltepec
0%
Jumpangdua
0%
Jumunjin
0%
Jūnāgadh
0%
Jūnāgarh
0%
Junaynat Raslān
0%
Juncal
0%
Juncalito Abajo
0%
Junciana
0%
Junction Area
0%
Junction Hill
0%
Junction Village
0%
Jundiá
0%
Jundiaí
0%
Junee
0%
June Park
0%
Jungapeo de Juárez
0%
Jungholz
0%
Jungingen
0%
Junín de los Andes
0%
Jünkerath
0%
Junlian
0%
Junnar
0%
Juno Beach
0%
Junortoun
0%
Junqueiro
0%
Junqueirópolis
0%
Junxi
0%
Junyang
0%
Juodupė
0%
Jupâneşti
0%
Jupânești
0%
Jupille-sur-Meuse
0%
Juprelle
0%
Juquiá
0%
Juquitiba
0%
Juḩr ad Dīk
0%
Jurançon
0%
Juraré
0%
Jūrat ash Sham‘ah
0%
Juraynah
0%
Jurbarkas
0%
Jurbise
0%
Jurby
0%
Jürgenshagen
0%
Jurien Bay
0%
Jurilovca
0%
Juripiranga
0%
Juriquilla
0%
Jūrīsh
0%
Jurong Town
0%
Jurovski Dol
0%
Juršinci
0%
Jursla
0%
Jurumleri
0%
Juruti
0%
Jurva
0%
Jussac
0%
Jussey
0%
Jussy
0%
Justel
0%
Justice
0%
Justiniano Posse
0%
Justiniškės
0%
Justo Daract
0%
Justo Sierra
0%
Juszczyn
0%
Juszczyna
0%
Jutaí
0%
Jüterbog
0%
Jutiquile
0%
Jutogh
0%
Jutou
0%
Jutrosin
0%
Juuka
0%
Juupajoki
0%
Juventino Rosas
0%
Juvignac
0%
Juvigné
0%
Juvigny-sous-Andaine
0%
Juviles
0%
Juvisy-sur-Orge
0%
Juwana
0%
Jūybār
0%
Juye
0%
Juzbado
0%
Júzcar
0%
Juziers
0%
Jvara
0%
Jvari
0%
Jwaneng
0%
Jyderup
0%
Jyllinge
0%
No matching quizzes found
Score Distribution
Percent of People with Each Score
Percentile by Number Answered
Your Score History
You have not taken this quiz